Chronicle of Australia
Αποθηκεύτηκε σε:
| Άλλοι συγγραφείς: | |
|---|---|
| Μορφή: | Βιβλίο |
| Γλώσσα: | English |
| Δημοσίευση: |
Australia :
Penguin Books,
2000
|
| Θέματα: | |
| Ετικέτες: |
Προσθήκη ετικέτας
Δεν υπάρχουν, Καταχωρήστε ετικέτα πρώτοι!
|
MARC
| LEADER | 00000cam a2200000 i 4500 | ||
|---|---|---|---|
| 001 | 1/20948 | ||
| 008 | 051219s2000 eng d | ||
| 020 | |a 0670886629 | ||
| 035 | |l 10081744 | ||
| 040 | |a GR-MY-UA |b gre |e aacr | ||
| 041 | 0 | |a eng | |
| 082 | 0 | |a 994.002 |2 (22) | |
| 245 | 1 | 0 | |a Chronicle of Australia / |c [editor in chief, John Ross] |
| 260 | |a Australia : |b Penguin Books, |c 2000 | ||
| 300 | |a 822 σ.; |b εγχρ. εικ.; |c 30 εκ. | ||
| 504 | |a Περιλαμβάνει ευρετήριο | ||
| 651 | 0 | |a Australia |x History |x Chronology. | |
| 651 | 0 | |a Australia |x Biography. | |
| 700 | 1 | |a Ross, John, |d 1938 September 19- |4 edt | |
| 852 | |a INST |b RHODES |c KRI |e 20051219 |h 994.002 CHR |p 005400028512 |q 005400028512 |t BK |y 0 | ||
| 901 | |a BIBL4-2005-3 | ||
| 909 | |a Ρ |b 122808 | ||
| 970 | |a ΚΟΖΑ |b ΜΑΡΙΑ |z 2005/12/19 | ||